Szászrégeni Magyar Polgári Dalkör
Elmentve itt :
| Szerző: | |
|---|---|
| Adatforrás: | Meister |
| Forrásdokumentuma: | Művelődés. - 12 sz., 1992, 16-18 p. |
| Nyelv: | magyar |
| Kulcsszavak: | intézménytörténet kórusok Szászrégen Szászrégeni Magyar Polgári Dalkör (SZMPD) Romániai Magyar Dalosszövetség (RMD) |
| LEADER | 00511nab a2200169 i 4500 | ||
|---|---|---|---|
| 001 | bibPRO00003059 | ||
| 008 | 060524s1992 xx hun | ||
| 040 | |a Sz1 | ||
| 041 | |a hun | ||
| 100 | 1 | |a BÍRÓ Donát | |
| 245 | 1 | 0 | |a Szászrégeni Magyar Polgári Dalkör |c BÍRÓ Donát |
| 695 | |a intézménytörténet | ||
| 695 | |a kórusok | ||
| 695 | |a Szászrégen | ||
| 695 | |a Szászrégeni Magyar Polgári Dalkör (SZMPD) | ||
| 695 | |a Romániai Magyar Dalosszövetség (RMD) | ||
| 773 | 0 | |t Művelődés. - |g 12 sz., 1992, 16-18 p. | |